Cómo gestionar costos en la práctica empresarial. (Registro nro. 12772)
[ vista simple ]
| 000 -LEADER | |
|---|---|
| fixed length control field | 00318 a2200109 4500 |
| 001 - CONTROL NUMBER | |
| control field | ART_56562 |
| 005 - DATE AND TIME OF LATEST TRANSACTION | |
| control field | 20260410161635.0 |
| 008 - FIXED-LENGTH DATA ELEMENTS--GENERAL INFORMATION | |
| fixed length control field | 260409a |
| 100 1# - MAIN ENTRY--PERSONAL NAME | |
| Personal name | Smolje, Alejandro R. |
| 245 10 - TITLE STATEMENT | |
| Title | Cómo gestionar costos en la práctica empresarial. |
| 773 0# - HOST ITEM ENTRY | |
| Title | Enfoques |
| Related parts | - N° 7 (jul. 2022) |
| Record control number | REV416 |
No hay ítems disponibles.